000 00988nam0a22002771 4500
001 rc\4014806
005 20260407115825.0
021 _aRU
_b[54-45214]
035 _a(NLR Aleph) 007947692
090 _a8319294
_c8319294
100 _a20130415d1954 |||y0rusy50 ca
101 0 _arus
102 _aRU
105 _aa z |||||
200 1 _aПутеводитель по залам
_fДом-музей Н.Г. Чернышевского
210 _aСаратов
_cКн. изд-во
_d1954
215 _a56 с.
_cил.
_d20
300 _aНа обороте тит. л. сост.: Б. Лазерсон
702 1 _aЛазерсон
_bБ.
_4220
702 1 _aЧернышевский
_bН.Г.
_f1828-1889
_gНиколай Гаврилович
_4570
710 0 2 _aДом-музей Н. Г. Чернышевского
_cСаратов
_3RU\NLR\AUTH\8810068106
_9637806
801 0 _aRU
_bNLR
_gpsbo
801 1 _aRU
_bELAR
_2rusmarc
852 _aNLR
_jИр10 Г-4/281
942 _cBOOK
980 _aNB